01349nam a2200229 a 4500008004100000020001500041050001400056100001800070245003400088250001500122260002600137300002200163350000900185650002400194995014800218995014700366995014700513995014700660995014700807995014800954999001701102120416s1985 ||||||||||||||||| || u a0582410797 aT 355 Hil aHilton, Frank10aBuilding geometry and drawing ametric ed. aLondonbLongmanc1985 a[v], 168p. : ill. a0.00 aSTRUCTURAL DRAWING  aMAIN LIBRARY OPEN ACCESSD0.00e714203FCBU-MAIN LIBRARY (Kitwe)H2I4.95jT 355 HilM1UAVAILABLEy013724ZMain Library Open Access Collection aANNEX COLLECTION (Main Library)D0.00e714202FCBU-MAIN LIBRARY (Kitwe)H5I4.95jT 355 HilM3UAVAILABLEy013726ZAnnex Low-Usage Collection  aANNEX COLLECTION (Main Library)D0.00e709652FCBU-MAIN LIBRARY (Kitwe)H4I4.95jT 355 HilM5UAVAILABLEy013728ZAnnex Low-Usage Collection  aANNEX COLLECTION (Main Library)D0.00e714201FCBU-MAIN LIBRARY (Kitwe)H6I4.95jT 355 HilM4UAVAILABLEy013727ZAnnex Low-Usage Collection  aANNEX COLLECTION (Main Library)D0.00e714204FCBU-MAIN LIBRARY (Kitwe)H3I4.95jT 355 HilM6UAVAILABLEy013729ZAnnex Low-Usage Collection  aMAIN LIBRARY OPEN ACCESSD0.00e714856FCBU-MAIN LIBRARY (Kitwe)H1I4.95jT 355 HilM2UAVAILABLEy013725ZMain Library Open Access Collection c78924d78924